Statistiques concernant Les 10 chaines youtube ayant le plus d'abonnés

Cliquez ici pour prendre le quiz!

Statistiques générales

  • Ce quiz a été pris 67 fois
  • Le résultat moyen est 2 sur 10

Statistiques - réponses

Nombre d'abonnésChaînes% Correct
253 000 000MrBeast
95%
112 000 000PewDiePie
39%
264 000 000T-Series
39%
174 000 000Cocomelon
10%
121 000 000Kids Diana Show
5%
115 000 000Like Nastya
5%
117 000 000Vlad and Niki
5%
172 000 000SET India
3%
101 000 000WWE
3%
107 000 000Zee Music Company
3%

Distribution des résultats

Percentile par nombre de réponses

% des personnes avec chaque résultat

Votre développement - résultats

Vous n’avez pas pris ce quiz